| 000 | 01604nam a22003017a 4500 | ||
|---|---|---|---|
| 001 | 9581 | ||
| 003 | FISKH | ||
| 005 | 20260123155255.0 | ||
| 008 | 260123b cb ||||| |||| 00| 0 eng d | ||
| 020 | _a9781406372328 | ||
| 040 |
_aFISKH _beng _cFISKH _dFISKH |
||
| 050 | _aPZ7.1 .W435 .L | ||
| 082 | _a813.6 | ||
| 100 |
_aWelch, Jenna Evans _eAuthor |
||
| 245 |
_aLove & gelato / _cJenna Evans Welch |
||
| 260 |
_aLondon : _bWalker Books Ltd , _c2017 |
||
| 300 |
_a332 pages : _c20 cm |
||
| 490 |
_aLove & gelato _v1 |
||
| 505 | _aP | ||
| 520 | _aLina is spending the summer in Tuscany, but she isn't in the mood for Italy's famous sunshine and fairy-tale landscape. She's only there because it was her mother's dying wish that she get to know her father. But what kind of father isn't around for sixteen years? All Lina wants to do is get back home. But then Lina is given a journal that her mom had kept when she lived in Italy. Suddenly Lina's uncovering a magical world of secret romances, art, and hidden bakeries. A world that inspires Lina, along with the ever-so-charming Ren, to follow in her mother's footsteps and unearth a secret that has been kept for far too long. It's a secret that will change everything Lina knew about her mother, her father and even herself. People come to Italy for love and gelato, someone tells her, but sometimes they discover much more. | ||
| 521 | 8 |
_a640
_bLexile |
|
| 521 | 8 |
_aP
_bRaz-Plus |
|
| 650 |
_aLove stories _vMothers and daughters |
||
| 650 |
_aMystery _vRomance |
||
| 650 |
_aItaly _vGelato |
||
| 942 |
_2ddc _cBK _n0 |
||
| 999 |
_c9581 _d9581 |
||